00597cam a22002171 4500001001300000003000400013005001700017008004100034010001700075035001900092040001800111042001200129050001900141082001000160100002100170245003900191260007300230300001800303490004100321999001700362ca 36000219 DLC20260227111140.0790209s1936 xx 000 0 eng  aca 36000219  a(OCoLC)4634676 aDLCcOCldDLC apremarc00aPN6120.R4bB97 a812.51 aButler, Byron T.14aThe wayfarer,cby Byron T. Butler. aBoston, Mass.,aLos Angeles, Cal.b[Walter H. Baker company,cc1936] a23 p.c19 cm.0 aBaker's religious plays and pageants c18039d18039